000 00261nam a2200097Ia 4500
001 1095781
005 20250827003021.0
008 250824s9999 xx 000 0 und d
245 0 _aŞİMDİ ŞEHİR İÇİN KALP ZAMANI
_cKEMAL SAYAR
260 _bTİMAŞ YAYINLARI
999 _c1095781
_d1095781